Neurobiology of learning, emotion, and affect / (Record no. 2545)
[ view plain ]
| 000 -LEADER | |
|---|---|
| fixed length control field | 00872pam a2200277 a 4500 |
| 001 - CONTROL NUMBER | |
| control field | 3432328 |
| 005 - DATE AND TIME OF LATEST TRANSACTION | |
| control field | 20250115094856.0 |
| 008 - FIXED-LENGTH DATA ELEMENTS--GENERAL INFORMATION | |
| fixed length control field | 910416s1991 nyua b 001 0 eng c |
| 020 ## - INTERNATIONAL STANDARD BOOK NUMBER | |
| International Standard Book Number | 0881678074 |
| 050 00 - LIBRARY OF CONGRESS CALL NUMBER | |
| Classification number | QP401 |
| Item number | .N35 1991 |
| 082 00 - DEWEY DECIMAL CLASSIFICATION NUMBER | |
| Classification number | 152.4 |
| Edition information | 20 |
| 245 00 - TITLE STATEMENT | |
| Title | Neurobiology of learning, emotion, and affect / |
| Statement of responsibility, etc. | editor, John Madden IV. |
| 260 ## - PUBLICATION, DISTRIBUTION, ETC. | |
| Place of publication, distribution, etc. | New York : |
| Name of publisher, distributor, etc. | Raven Press, |
| Date of publication, distribution, etc. | c1991. |
| 300 ## - PHYSICAL DESCRIPTION | |
| Extent | xiii, 354 p. : |
| Other physical details | ill. ; |
| Dimensions | 25 cm. |
| 650 #0 - SUBJECT ADDED ENTRY--TOPICAL TERM | |
| Topical term or geographic name entry element | Emotions |
| General subdivision | Physiological aspects. |
| 650 #0 - SUBJECT ADDED ENTRY--TOPICAL TERM | |
| Topical term or geographic name entry element | Adaptation (Physiology) |
| 650 #0 - SUBJECT ADDED ENTRY--TOPICAL TERM | |
| Topical term or geographic name entry element | Stress (Psychology) |
| 650 #0 - SUBJECT ADDED ENTRY--TOPICAL TERM | |
| Topical term or geographic name entry element | Biological psychiatry. |
| 650 #0 - SUBJECT ADDED ENTRY--TOPICAL TERM | |
| Topical term or geographic name entry element | Psychophysiology. |
| 650 #2 - SUBJECT ADDED ENTRY--TOPICAL TERM | |
| Topical term or geographic name entry element | Adaptation, Psychological |
| General subdivision | physiology. |
| 650 #2 - SUBJECT ADDED ENTRY--TOPICAL TERM | |
| Topical term or geographic name entry element | Affective Disorders |
| General subdivision | physiopathology. |
| 650 #2 - SUBJECT ADDED ENTRY--TOPICAL TERM | |
| Topical term or geographic name entry element | Emotion |
| General subdivision | physiology. |
| 650 #2 - SUBJECT ADDED ENTRY--TOPICAL TERM | |
| Topical term or geographic name entry element | Learning |
| General subdivision | physiology. |
| 700 1# - ADDED ENTRY--PERSONAL NAME | |
| Personal name | Madden, John, |
| Dates associated with a name | 1947- |
| 942 ## - ADDED ENTRY ELEMENTS (KOHA) | |
| Source of classification or shelving scheme | Library of Congress Classification |
| Koha item type | Books |
| Suppress in OPAC | No |
| 999 ## - | |
| -- | 2545 |
| -- | 2545 |
| Withdrawn status | Lost status | Source of classification or shelving scheme | Damaged status | Not for loan | Collection | Home library | Current library | Shelving location | Date acquired | Total checkouts | Full call number | Barcode | Date last seen | Copy number | Price effective from | Koha item type |
|---|---|---|---|---|---|---|---|---|---|---|---|---|---|---|---|---|
| Library of Congress Classification | Non-fiction | Science Library (Miotso) | Science Library (Miotso) | General stacks | 01/15/2025 | QP401 .N35 NEU | SLM00001800 | 01/15/2025 | 1 | 01/15/2025 | Books | |||||
| Library of Congress Classification | Non-fiction | Science Library (Miotso) | Science Library (Miotso) | General stacks | 01/15/2025 | QP401 .N35 NEU | SLM00001801 | 01/15/2025 | 2 | 01/15/2025 | Books | |||||
| Library of Congress Classification | Non-fiction | Science Library (Miotso) | Science Library (Miotso) | General stacks | 01/15/2025 | QP401 .N35 NEU | SLM00001802 | 01/15/2025 | 3 | 01/15/2025 | Books | |||||
| Library of Congress Classification | Non-fiction | Science Library (Miotso) | Science Library (Miotso) | General stacks | 01/15/2025 | QP401 .N35 NEU | SLM00001803 | 01/15/2025 | 4 | 01/15/2025 | Books | |||||
| Library of Congress Classification | Non-fiction | Science Library (Miotso) | Science Library (Miotso) | General stacks | 01/15/2025 | QP401 .N35 NEU | SLM00001804 | 01/15/2025 | 5 | 01/15/2025 | Books | |||||
| Library of Congress Classification | Non-fiction | Science Library (Miotso) | Science Library (Miotso) | General stacks | 01/15/2025 | QP401 .N35 NEU | SLM00001805 | 01/15/2025 | 6 | 01/15/2025 | Books |